A journal of the plague year / (Record no. 52828)

MARC details
000 -LEADER
campo de control de longitud fija 00563nam a2200169 i 4500
001 - NÚMERO DE CONTROL
campo de control 52828
003 - IDENTIFICADOR DE NÚMERO DE CONTROL
campo de control ES-MaACL
005 - FECHA Y HORA DE LA ÚLTIMA TRANSACCIÓN
campo de control 20230906162643.0
007 - CAMPO FIJO DE DESCRIPCIÓN FÍSICA--INFORMACIÓN GENERAL
campo de control de longitud fija t|
008 - DATOS DE LONGITUD FIJA--INFORMACIÓN GENERAL
campo de control de longitud fija 030905s1911 xxk ||||1| eng d
100 1# - ENTRADA PRINCIPAL--NOMBRE DE PERSONA
Nombre de persona Defoe, Daniel.
9 (RLIN) 43204
245 12 - MENCIÓN DEL TÍTULO
Título A journal of the plague year /
Mención de responsabilidad, etc. written by a citizen who continued all the while in London ; [introducción by G.A. Aitken].
260 ## - PUBLICACIÓN, DISTRIBUCIÓN, ETC.
Lugar de publicación, distribución, etc. London :
Nombre del editor, distribuidor, etc. [s.n.,
Fecha de publicación, distribución, etc. 1911] (
Lugar de fabricación/manufactura Letchworth :
Fabricante The Temple Press)
300 ## - DESCRIPCIÓN FÍSICA
Extensión XV, 303 p. ;
Dimensiones 18 cm.
700 1# - ENTRADA AGREGADA--NOMBRE PERSONAL
Nombre de persona Aitken, George A.
9 (RLIN) 125569
852 ## - LOCALIZACIÓN
Ubicación ES-MaACL
Número de control de estantería G-14668
Holdings
Estatus retirado Estado de pérdida Estado de daño No para préstamo Biblioteca de origen Biblioteca actual Ubicación en estantería Fecha de adquisición Fuente de adquisición Total de préstamos Signatura topográfica completa Código de barras Visto por última vez Precio de reemplazo Tipo de ítem Koha
        Biblioteca del Ateneo de Madrid Biblioteca del Ateneo de Madrid Sala Pecera Planta 3 17/01/2008     G-14668 1055520 23/02/2023 23/02/2023 Libro impreso